00816nam a22001697a 4500999001700000100003400017245012000051260002700171300000900198650004800207700004100255856003300296942001100329952010200340952010200442952010200544 c67429d67426 aAsif Ali Somomroa17-16MSIT09 aEvaluate the Accuracy of Google Translate Website Translation from English to Sindhi and Sindhi to English Language aNawabshahbQuestc2021 a41p. aMaster of Science in Information Technology aDepartment of Information Technology uhttps://tinyurl.com/2vchff8u cTHESIS 00104070aRESEARCHbRESEARCHd2022-01-13l0pMP/70-912r2022-01-13 00:00:00w2022-01-13yTHESIS 00104070aRESEARCHbRESEARCHd2022-01-13l0pMP/70-913r2022-01-13 00:00:00w2022-01-13yTHESIS 00104070aRESEARCHbRESEARCHd2022-01-13l0pMP/70-914r2022-01-13 00:00:00w2022-01-13yTHESIS